[Event "XXXIV C.to Italiano a squadre A2.1"]
[Site "ITA"]
[Date "2002.04.07"]
[Round "4"]
[White "Barbiso, Tiziana"]
[Black "Sorcinelli, Francesco"]
[WhiteElo "2043"]
[BlackElo "1860"]
[Result "1-0"]
[PlyCount "101"]
[EventDate "2002.02.24"]

1. e4 c5 2. c3 Nf6 3. e5 Nd5 4. d4 cxd4 5. Qxd4 e6 6. Bc4 Nc6 7. Qe4 Nde7 8. f4
b6 9. Qe2 Bb7 10. Nf3 Ng6 11. Be3 Qc7 12. O-O O-O-O 13. Na3 Bxa3 14. bxa3 f6
15. Nd4 fxe5 16. Nb5 Qb8 17. f5 Nge7 18. fxe6 d5 19. Bb3 a6 20. Bxb6 axb5 21.
Bxd8 Rxd8 22. Kh1 Qd6 23. Qxb5 Qxe6 24. a4 Rd6 25. Rab1 Nd8 26. Rf8 Rb6 27.
Qc5+ Rc6 28. Qa5 Qd7 29. Bd1 Rf6 30. Bg4 Rxf8 31. Bxd7+ Kxd7 32. Qa7 Nec6 33.
Qb6 Rf6 34. Qc5 Ne7 35. Kg1 Bc6 36. a5 e4 37. a6 Ne6 38. Qa5 Nc7 39. a7 Nf5 40.
Re1 Rg6 41. Rf1 Nd6 42. Rf8 e3 43. Rf3 d4 44. Rg3 Rxg3 45. hxg3 d3 46. Kf1 d2
47. Ke2 Bxg2 48. Qa4+ Bc6 49. Qg4+ Kd8 50. Kxe3 Nc4+ 51. Ke2 1-0

[Event "XXXIV C.to Italiano a squadre A2.1"]
[Site "ITA"]
[Date "2002.04.07"]
[Round "4"]
[White "Pulito, Alberto"]
[Black "Soncin, Denis"]
[WhiteElo "2030"]
[BlackElo "2027"]
[Result "1-0"]
[PlyCount "57"]
[EventDate "2002.02.24"]

1. e4 c5 2. Nc3 Nc6 3. f4 d6 4. Bc4 Nf6 5. Nf3 e6 6. O-O Be7 7. d3 O-O 8. Bb3
Qb6 9. Kh1 Nd4 10. Qe1 Bd7 11. Nxd4 cxd4 12. Ne2 a5 13. a4 e5 14. h3 Be6 15.
Bxe6 fxe6 16. Qg3 Qc7 17. fxe5 Nh5 18. Rxf8+ Rxf8 19. Qg4 Rf1+ 20. Kh2 g6 21.
Qxe6+ Kh8 22. Bg5 Rxa1 23. Bxe7 d5 24. exd5 Re1 25. d6 Qc6 26. Qf7 h6 27. Qf8+
Kh7 28. Bf6 Nxf6 29. exf6 1-0

[Event "XXXIV C.to Italiano a squadre A2.1"]
[Site "ITA"]
[Date "2002.04.07"]
[Round "4"]
[White "Saccona, Silvano"]
[Black "Lo Curto, Emanuele"]
[WhiteElo "2101"]
[BlackElo "2087"]
[Result "1/2-1/2"]
[PlyCount "124"]
[EventDate "2002.02.24"]

1. c4 Nf6 2. Nc3 g6 3. Nf3 d6 4. d4 Bg7 5. g3 O-O 6. Bg2 Nbd7 7. O-O e5 8. Bg5
h6 9. Bc1 c6 10. e3 Re8 11. dxe5 dxe5 12. h3 Qc7 13. Qe2 a5 14. b3 Nc5 15. Ba3
Bf8 16. Rfd1 Be6 17. Bb2 Bg7 18. Ba3 Bf8 19. Bb2 Bg7 20. Ba3 Nfd7 21. Rac1 f5
22. Qc2 Bf7 23. Ne2 e4 24. Ne1 b6 25. Nd4 Ne5 26. Bxc5 bxc5 27. Ne2 a4 28. Nc3
axb3 29. axb3 Qa5 30. Bf1 Reb8 31. Kg2 Qb4 32. Rb1 Ra3 33. Na2 Qa5 34. Nc1 Qc7
35. Be2 Raa8 36. Na2 Qa5 37. Nc1 Rd8 38. Kf1 Kh7 39. Ng2 Rxd1+ 40. Qxd1 Rd8 41.
Qe1 Qxe1+ 42. Nxe1 Rd2 43. f3 exf3 44. Nxf3 Nxf3 45. Bxf3 Be5 46. Ne2 g5 47.
Ke1 Rd6 48. g4 Bg6 49. Rd1 fxg4 50. Rxd6 Bxd6 51. hxg4 Be5 52. Bxc6 h5 53. gxh5
Bxh5 54. Kd2 Kh6 55. Nc1 Bg6 56. Nd3 Bd6 57. Bf3 Bf5 58. e4 Be6 59. e5 Be7 60.
Bd5 Bf5 61. e6 Bxd3 62. Kxd3 Kh5 1/2-1/2

[Event "XXXIV C.to Italiano a squadre A2.1"]
[Site "ITA"]
[Date "2002.04.07"]
[Round "4"]
[White "Xausa, Flavio"]
[Black "Ferretti, Rolando"]
[WhiteElo "1819"]
[BlackElo "1546"]
[Result "0-1"]
[PlyCount "76"]
[EventDate "2002.02.24"]

1. e4 e5 2. f4 Nf6 3. Nc3 d5 4. exd5 Nxd5 5. Bc4 Nxf4 6. Kf1 Bd6 7. Nf3 O-O 8.
d4 exd4 9. Nxd4 Qg5 10. Qf3 Qc5 11. Nde2 Qxc4 12. Bxf4 Nc6 13. b3 Qe6 14. Bxd6
Qxd6 15. Rd1 Qg6 16. Qd3 Bf5 17. Qg3 Qxg3 18. Nxg3 Bg4 19. Rd5 Rfd8 20. Kf2 Nb4
21. Rxd8+ Rxd8 22. Re1 Nxc2 23. Re7 Bd7 24. Nce4 Kf8 25. Re5 Nb4 26. Nc5 b6 27.
Nxd7+ Rxd7 28. Re2 c5 29. Nf5 Nc6 30. Ne3 Ne5 31. Nf5 Nd3+ 32. Ke3 Nb4 33. Kf4
g6 34. Nh6 Nd5+ 35. Kf3 f5 36. g4 Kg7 37. Nxf5+ gxf5 38. gxf5 Kf6 0-1

[Event "XXXIV C.to Italiano a squadre A2.8.1"]
[Site "ITA"]
[Date "2002.02.24"]
[Round "2"]
[White "Campanile, Antonio"]
[Black "Scafarelli, Francesco"]
[WhiteElo "2140"]
[BlackElo "2269"]
[Result "0-1"]
[PlyCount "76"]
[EventDate "2002.02.10"]

1. f4 d5 2. Nf3 c5 3. g3 Nc6 4. Bg2 Nf6 5. d3 g6 6. O-O Bg7 7. Qe1 O-O 8. c3 b6
9. Na3 Bb7 10. Rb1 Qd7 11. b4 cxb4 12. cxb4 a5 13. bxa5 bxa5 14. Nc2 Rfc8 15.
Qd2 Nd8 16. Ne5 Qa4 17. Ne1 Rab8 18. a3 Ba6 19. Rxb8 Rxb8 20. N1f3 e6 21. g4
Ne8 22. g5 Nd6 23. Qe1 Nf5 24. Qf2 Bf8 25. Bh3 Rc8 26. Bxf5 exf5 27. Kg2 Ne6
28. Qa7 Nc7 29. Bb2 Qb5 30. Rc1 Qb7 31. Qxb7 Bxb7 32. Nd7 f6 33. Nxf6+ Kf7 34.
Ne5+ Ke6 35. Kf2 h5 36. Ke1 Nb5 37. Rxc8 Bxc8 38. e4 Nc7 0-1

[Event "XXXIV C.to Italiano a squadre A2.8.1"]
[Site "ITA"]
[Date "2002.02.24"]
[Round "2"]
[White "Collutiis, Duilio"]
[Black "Campanile, Roberto"]
[WhiteElo "2348"]
[BlackElo "2178"]
[Result "1/2-1/2"]
[PlyCount "127"]
[EventDate "2002.02.10"]

1. e4 c5 2. Nf3 d6 3. d4 cxd4 4. Nxd4 Nf6 5. Nc3 a6 6. Be3 e6 7. a4 Nc6 8. Nb3
b6 9. g3 Bb7 10. Bg2 Qc7 11. O-O Be7 12. f4 O-O 13. g4 Nd7 14. g5 Rfe8 15. Qh5
g6 16. Qh4 Nb4 17. Rac1 Rac8 18. Rf3 h5 19. Rh3 Bf8 20. Bf3 Bg7 21. Ne2 Na2 22.
Rf1 Qxc2 23. Nd2 Qd3 24. Bxh5 gxh5 25. Qxh5 Bxe4 26. f5 Bxf5 27. Nf4 Qc2 28. g6
Bxg6 29. Qh4 Ne5 30. Nxg6 Nxg6 31. Qh7+ Kf8 32. Bh6 Qxb2 33. Qxg6 Re7 34. Ne4
Bxh6 35. Rxh6 Qg7 36. Nxd6 Qxg6+ 37. Rxg6 Rc1 38. Rxc1 Nxc1 39. Rg2 Rd7 40. Nc4
b5 41. axb5 axb5 42. Ne3 Rd3 43. Nf1 b4 44. Rb2 b3 45. Kf2 Ke7 46. Ke1 f5 47.
Rb1 Na2 48. Nd2 Rh3 49. Rxb3 Rxh2 50. Kd1 Rh4 51. Rb7+ Kf6 52. Nf3 Re4 53. Nd2
Rg4 54. Nf3 Nb4 55. Ke2 Nd5 56. Ra7 Rg2+ 57. Kd3 Rg3 58. Ke2 f4 59. Kf2 Rh3 60.
Ke2 e5 61. Ra6+ Kf5 62. Ra5 Nc3+ 63. Kf2 Ne4+ 64. Ke2 1/2-1/2

[Event "XXXIV C.to Italiano a squadre A2.8.1"]
[Site "ITA"]
[Date "2002.02.24"]
[Round "2"]
[White "Indelicati, Giuseppe"]
[Black "Martorelli, Antonio"]
[WhiteElo "2221"]
[BlackElo "2262"]
[Result "0-1"]
[PlyCount "100"]
[EventDate "2002.02.10"]

1. e4 c5 2. c3 Nf6 3. e5 Nd5 4. d4 cxd4 5. Nf3 e6 6. cxd4 d6 7. Bc4 Be7 8. O-O
O-O 9. Qe2 b6 10. Nc3 Nxc3 11. bxc3 Bb7 12. Bf4 Qc7 13. Bd3 Nd7 14. Rfe1 Rac8
15. Rac1 dxe5 16. Nxe5 Bd6 17. Qh5 g6 18. Qh6 Nxe5 19. dxe5 Ba3 20. Rcd1 Rfd8
21. Bg5 Qc6 22. Bf1 Rxd1 23. Rxd1 Bf8 24. Qh3 Qxc3 25. Qxc3 Rxc3 26. Rd7 h6 27.
Be3 Bd5 28. Rxa7 Bc5 29. Bxc5 Rxc5 30. f3 Rc1 31. Kf2 Rc2+ 32. Ke3 Bxa2 33. Rb7
Rb2 34. h4 Bd5 35. Rb8+ Kg7 36. Be2 Rb3+ 37. Kf4 Bc6 38. Rc8 Bb7 39. Rc7 Bd5
40. Rc8 g5+ 41. hxg5 hxg5+ 42. Kxg5 Re3 43. Ba6 Rxe5+ 44. Kf4 Re1 45. Rb8 Rb1
46. Bd3 Rb2 47. Bf1 Kf6 48. Bd3 Ke7 49. Ke3 Kd6 50. g4 Rb3 0-1

[Event "XXXIV C.to Italiano a squadre A2.8.1"]
[Site "ITA"]
[Date "2002.02.24"]
[Round "2"]
[White "Shytaj, Luca"]
[Black "Ariete, Gerardo"]
[WhiteElo "2151"]
[BlackElo "2106"]
[Result "1-0"]
[PlyCount "57"]
[EventDate "2002.02.10"]

1. e4 c6 2. d4 d5 3. exd5 cxd5 4. Bd3 Nf6 5. h3 g6 6. Nf3 Bg7 7. O-O Nc6 8. c3
O-O 9. Re1 Bd7 10. Bf4 Qb6 11. Qb3 Qxb3 12. axb3 Rfc8 13. b4 Kf8 14. Nbd2 Nh5
15. Be3 f5 16. Nb3 b6 17. Ra6 Rc7 18. Rea1 Rb7 19. b5 Nb8 20. R6a4 Nf6 21. Bf4
Ne8 22. Bxb8 Raxb8 23. Rxa7 Nc7 24. Ne5 Bxe5 25. dxe5 Bxb5 26. Bxb5 Nxb5 27.
Rxb7 Rxb7 28. Ra8+ Kf7 29. Rd8 1-0

[Event "XXXIV C.to Italiano a squadre A2.8.1"]
[Site "ITA"]
[Date "2002.03.10"]
[Round "3"]
[White "Martorelli, Antonio"]
[Black "Altini, Daniele"]
[WhiteElo "2262"]
[BlackElo "2280"]
[Result "1-0"]
[PlyCount "119"]
[EventDate "2002.02.10"]

1. e4 c5 2. Nf3 e6 3. d4 cxd4 4. Nxd4 Nc6 5. Nc3 d6 6. Be3 Nf6 7. Bb5 Bd7 8.
Qe2 Be7 9. g4 O-O 10. g5 Ne8 11. Rg1 a6 12. Nxc6 Bxc6 13. Bd3 b5 14. Qh5 g6 15.
Qh6 f6 16. O-O-O Rf7 17. f4 Bf8 18. Qh3 f5 19. exf5 exf5 20. Be2 Qa5 21. Bf3
Rc8 22. Kb1 Bxf3 23. Qxf3 Rxc3 24. bxc3 Qxc3 25. Rd3 Qb4+ 26. Rb3 Qc4 27. Rd1
Nc7 28. Rd4 Qe6 29. Bc1 d5 30. Rd1 b4 31. Bb2 a5 32. Re3 Qb6 33. Ka1 a4 34.
Red3 Qc6 35. Qe3 a3 36. Be5 Rd7 37. c4 Qa4 38. Qb6 Qc2 39. cxd5 Re7 40. R3d2
Qe4 41. Qd4 Nb5 42. Qxe4 fxe4 43. Rb1 Rxe5 44. fxe5 Bg7 45. Rxb4 Bxe5+ 46. Kb1
Bc3 47. Rxb5 Bxd2 48. Kc2 Bf4 49. Rb4 Bxh2 50. Rxe4 Bc7 51. Kb3 Kf7 52. Kxa3
Bd8 53. Rg4 Ke7 54. Kb4 Kd6 55. Kc4 Ke5 56. Rg1 Kf5 57. d6 Bb6 58. Rb1 Bd8 59.
Rb8 Bxg5 60. Rb5+ 1-0

[Event "XXXIV C.to Italiano a squadre A2.8.1"]
[Site "ITA"]
[Date "2002.03.10"]
[Round "3"]
[White "Pizzuto, Samuele Tullio"]
[Black "Fiore, Mario"]
[WhiteElo "2144"]
[BlackElo "2313"]
[Result "0-1"]
[PlyCount "58"]
[EventDate "2002.02.10"]

1. e4 e5 2. Nf3 Nf6 3. Nc3 Nc6 4. Bb5 Nd4 5. Bd3 Bc5 6. Nxd4 Bxd4 7. Qf3 c6 8.
Ne2 Bb6 9. Ng3 d5 10. h3 O-O 11. O-O dxe4 12. Nxe4 Nd5 13. Qh5 f5 14. Ng5 h6
15. Nf3 e4 16. Bc4 exf3 17. Qxf3 Be6 18. Re1 Qd6 19. d3 Rae8 20. Bd2 Bc7 21. g3
f4 22. g4 Ne3 23. Bxe6+ Rxe6 24. Rac1 h5 25. gxh5 Re5 26. Bc3 Rg5+ 27. Kh1 Rg3
28. Rg1 Qe6 29. Rxg3 fxg3 0-1

[Event "XXXIV C.to Italiano a squadre A2.8.1"]
[Site "ITA"]
[Date "2002.04.14"]
[Round "5"]
[White "Campanile, Roberto"]
[Black "Collutiis, Duilio"]
[WhiteElo "2178"]
[BlackElo "2348"]
[Result "1/2-1/2"]
[PlyCount "64"]
[EventDate "2002.02.10"]

1. d4 Nf6 2. c4 c5 3. d5 b5 4. cxb5 a6 5. b6 e6 6. Nc3 Bb7 7. e4 exd5 8. exd5
d6 9. a4 a5 10. Bb5+ Nbd7 11. g4 Qe7+ 12. Kf1 O-O-O 13. g5 Nxd5 14. Nxd5 Qe4
15. f3 Qxd5 16. Qxd5 Bxd5 17. Bd2 Nxb6 18. Bxa5 Kb7 19. Kf2 Bc6 20. Bxc6+ Kxc6
21. Ne2 d5 22. Rhd1 Rd7 23. b3 h6 24. g6 fxg6 25. Bxb6 Kxb6 26. Nf4 Bd6 27.
Nxd5+ Kc6 28. Ne3 Bxh2 29. Rxd7 Kxd7 30. Rd1+ Kc6 31. Nc4 Bc7 32. Re1 Rb8
1/2-1/2

[Event "XXXIV C.to Italiano a squadre A2.8.1"]
[Site "ITA"]
[Date "2002.04.14"]
[Round "5"]
[White "Martorelli, Antonio"]
[Black "Indelicati, Giuseppe"]
[WhiteElo "2262"]
[BlackElo "2221"]
[Result "1-0"]
[PlyCount "59"]
[EventDate "2002.02.10"]

1. e4 e5 2. Nc3 Nf6 3. f4 d5 4. fxe5 Nxe4 5. Nf3 Be7 6. Qe2 Ng5 7. d4 Nxf3+ 8.
Qxf3 c6 9. Bd3 Qb6 10. O-O Be6 11. Be3 Nd7 12. a3 O-O-O 13. Na4 Qa5 14. Nc5
Nxe5 15. Qg3 Bxc5 16. Qxe5 Bd6 17. Qxg7 Qc7 18. Qh6 Rhg8 19. Rf2 Rg4 20. Raf1
Rdg8 21. Bxh7 Rh8 22. Rxf7 Bxf7 23. Bf5+ Kb8 24. Qxh8+ Rg8 25. Qh6 Ka8 26. Bf4
Bxf4 27. Qxf4 Qb6 28. Bh7 Rg7 29. Qe5 Rxh7 30. Rxf7 1-0

[Event "XXXIV C.to Italiano a squadre A2.8.1"]
[Site "ITA"]
[Date "2002.04.21"]
[Round "6"]
[White "Altini, Daniele"]
[Black "Collutiis, Duilio"]
[WhiteElo "2280"]
[BlackElo "2348"]
[Result "1/2-1/2"]
[PlyCount "84"]
[EventDate "2002.02.10"]

1. e4 c5 2. Nf3 Nc6 3. d4 cxd4 4. Nxd4 Qc7 5. Nc3 e6 6. Be2 a6 7. O-O Nf6 8. a3
Nxd4 9. Qxd4 Bd6 10. Kh1 Be5 11. Qd3 Bxc3 12. bxc3 b5 13. Bg5 Bb7 14. Bxf6 gxf6
15. a4 Qe5 16. Rfd1 Rd8 17. f3 Bc6 18. axb5 axb5 19. c4 bxc4 20. Qxc4 O-O 21.
h3 Ra8 22. Rxa8 Rxa8 23. Qd4 Qxd4 24. Rxd4 Ra1+ 25. Rd1 Rxd1+ 26. Bxd1 Ba4 27.
Kg1 Kg7 28. Kf2 Kg6 29. Ke3 f5 30. g3 e5 31. f4 f6 32. exf5+ Kxf5 33. Bg4+ Kg6
34. fxe5 fxe5 35. c3 d6 36. Bf3 Kf6 37. h4 Bc2 38. Bg4 Ke7 39. Kd2 Be4 40. Ke3
Bb1 41. Bd1 Ke6 42. g4 Kf6 1/2-1/2

[Event "XXXIV C.to Italiano a squadre A2.8.1"]
[Site "ITA"]
[Date "2002.04.21"]
[Round "6"]
[White "Fiore, Mario"]
[Black "Pizzuto, Samuele Tullio"]
[WhiteElo "2313"]
[BlackElo "2144"]
[Result "1-0"]
[PlyCount "65"]
[EventDate "2002.02.10"]

1. e4 Nc6 2. d4 e5 3. dxe5 Nxe5 4. Nc3 Bb4 5. f4 Nc6 6. Nf3 Nf6 7. Bd3 d5 8.
exd5 Nxd5 9. O-O Nxc3 10. bxc3 Bxc3 11. Ba3 Bxa1 12. Qxa1 Qf6 13. Bb2 Qd6 14.
Bxg7 Rg8 15. Re1+ Be6 16. f5 O-O-O 17. fxe6 fxe6 18. Bxh7 Rge8 19. Bg6 Rg8 20.
Bf7 Rxg7 21. Qxg7 e5 22. Nxe5 Qd4+ 23. Kh1 Nxe5 24. Be6+ Kb8 25. h3 Nc6 26.
Qxd4 Nxd4 27. c3 Nb5 28. g4 Re8 29. g5 c6 30. g6 Re7 31. Rg1 Rg7 32. h4 Nc7 33.
Bf7 1-0

[Event "XXXIV C.to Italiano a squadre A2.8.1"]
[Site "ITA"]
[Date "2002.04.21"]
[Round "6"]
[White "Shytaj, Carlo"]
[Black "Cucinella, Vincenzo"]
[WhiteElo "2070"]
[BlackElo "2130"]
[Result "1/2-1/2"]
[PlyCount "58"]
[EventDate "2002.02.10"]

1. e4 c5 2. c3 b6 3. d4 Bb7 4. Bd3 e6 5. Nf3 Nf6 6. Qe2 Be7 7. O-O d5 8. e5
Nfd7 9. Bf4 Nc6 10. Nbd2 h6 11. h3 c4 12. Bc2 b5 13. b3 Nb6 14. a4 a6 15. Rfb1
Qc7 16. axb5 axb5 17. Rxa8+ Bxa8 18. b4 Qa7 19. Nf1 Kd7 20. Bd2 Bb7 21. Ne1 h5
22. Qf3 Ke8 23. Qe3 Qb8 24. g4 hxg4 25. hxg4 Kd7 26. Ng2 Qg8 27. Qg3 g6 28. Nf4
Qh7 29. Ne3 Ra8 1/2-1/2

[Event "XXXIV C.to Italiano a squadre A2.8.1"]
[Site "ITA"]
[Date "2002.04.21"]
[Round "6"]
[White "Tarascio, Giuseppe"]
[Black "Shytaj, Luca"]
[WhiteElo "2083"]
[BlackElo "2151"]
[Result "0-1"]
[PlyCount "58"]
[EventDate "2002.02.10"]

1. e4 c5 2. c3 Nf6 3. e5 Nd5 4. Nf3 e6 5. d4 cxd4 6. cxd4 d6 7. a3 Nc6 8. Bd3
Be7 9. O-O O-O 10. Qe2 Qc7 11. Qe4 f5 12. exf6 Nxf6 13. Qh4 Qa5 14. Nc3 Qh5 15.
Bg5 Qxh4 16. Bxh4 h6 17. Bg6 Bd7 18. Rfe1 Rac8 19. Rad1 Nd5 20. Nxd5 Bxh4 21.
Nc3 Bf6 22. Ne4 Be7 23. d5 exd5 24. Rxd5 Be6 25. Rb5 Rc7 26. Nxd6 Bxd6 27. Rxe6
Nd4 28. Rbe5 Bxe5 29. Rxe5 Rxf3 0-1

[Event "XXX Gold Cup"]
[Site "Merano - Meran ITA"]
[Date "2002.04.??"]
[Round "1"]
[White "Josting, Friedel"]
[Black "Nischler, Hermann"]
[Result "1-0"]
[WhiteElo "2002"]
[BlackElo "1447"]
[PlyCount "106"]
[EventDate "2002.04.11"]

1.Nf3 d5 2.d4 Bf5 3.Bf4 e6 4.e3 Bd6 5.Bg3 Nf6 6.Nbd2 h6 7.Be2 O-O 8.c4 c6 
9.O-O Bxg3 10.hxg3 Nbd7 11.Qb3 Qb6 12.Qa3 a5 13.Rfc1 Qb4 14.Rc3 Qxa3 15.
Rxa3 a4 16.b3 axb3 17.axb3 Rxa3 18.Rxa3 Rb8 19.Ne1 Nb6 20.Ra7 Nc8 21.Ra4 
Nb6 22.Rb4 Nbd7 23.Nd3 Bxd3 24.Bxd3 Kf8 25.Kf1 Ke7 26.Ke2 b6 27.Ra4 c5 28.
Ra7 cxd4 29.exd4 Ne8 30.Nf3 f6 31.c5 bxc5 32.dxc5 Kd8 33.Nd4 Rc8 34.c6 Nc7
35.cxd7 Kxd7 36.Nb5 Kc6 37.Rxc7+ Rxc7 38.Nxc7 Kxc7 39.Ke3 f5 40.Kd4 Kd6 
41.f4 g5 42.b4 g4 43.Bb5 h5 44.Be8 h4 45.gxh4 g3 46.h5 Ke7 47.Bg6 Kf6 48.
b5 Kg7 49.b6 e5+ 50.Kxe5 d4 51.Kxd4 Kh6 52.b7 Kg7 53.b8=Q Kh6 1-0

[Event "XXX Gold Cup"]
[Site "Merano - Meran ITA"]
[Date "2002.04.??"]
[Round "2"]
[White "Josting, Friedel"]
[Black "Joncic, Dragan"]
[Result "1/2-1/2"]
[WhiteElo "2002"]
[BlackElo "2087"]
[PlyCount "89"]
[EventDate "2002.04.11"]

1.Nf3 Nf6 2.d4 g6 3.Bf4 Bg7 4.Nbd2 c5 5.e3 Nc6 6.c3 cxd4 7.exd4 O-O 8.Bc4 
d6 9.O-O Qc7 10.Re1 Nh5 11.Be3 e5 12.dxe5 dxe5 13.Qe2 Ne7 14.Rad1 Nf5 15.
Bb3 Bd7 16.Ne4 Nxe3 17.Qxe3 h6 18.Rd6 Nf4 19.Red1 Be6 20.Bxe6 Nxe6 21.Rd7 
Qa5 22.a3 Rad8 23.g3 Rxd7 24.Rxd7 Qb5 25.Qd2 Qc6 26.Qd5 Qxd5 27.Rxd5 f5 
28.Nc5 Nxc5 29.Rxc5 e4 30.Ne5 Bxe5 31.Rxe5 Kf7 32.Rc5 Re8 33.Kf1 Re7 34.
Ke2 Ke6 35.Rc8 h5 36.h4 Ke5 37.Ke3 Rd7 38.Rc5+ Kd6 39.Rc8 Ke6 40.Rb8 Ke5 
41.Re8+ Kf6 42.Rf8+ Kg7 43.Rb8 Rd3+ 44.Ke2 Rd7 45.Ke3 1/2-1/2

[Event "XXX Gold Cup"]
[Site "Merano - Meran ITA"]
[Date "2002.04.??"]
[Round "2"]
[White "Schuetzhold, Frank"]
[Black "Heinatz, Gundula"]
[Result "1/2-1/2"]
[WhiteElo "2037"]
[BlackElo "2228"]
[PlyCount "60"]
[EventDate "2002.04.11"]

1.b3 d5 2.Bb2 Bf5 3.e3 e6 4.f4 Nf6 5.Nf3 Bc5 6.Be2 Nbd7 7.O-O Qe7 8.c4 
dxc4 9.bxc4 c6 10.d4 Bd6 11.c5 Bc7 12.Nc3 Nd5 13.Nxd5 exd5 14.Qd2 O-O 15.
Bd3 Bxd3 16.Qxd3 Rfe8 17.Rfe1 Nf6 18.Bc3 Ne4 19.Nd2 Nxd2 20.Bxd2 Qf6 21.a4
Re4 22.a5 g5 23.g3 h5 24.Kh1 Qf5 25.Qe2 g4 26.Rab1 Rb8 27.Rb3 Kg7 28.Reb1 
Rbe8 29.Qf2 R4e7 30.R1b2 h4 1/2-1/2

[Event "XXX Gold Cup"]
[Site "Merano - Meran ITA"]
[Date "2002.04.??"]
[Round "3"]
[White "Gruener, Reinhard"]
[Black "Josting, Friedel"]
[Result "1/2-1/2"]
[WhiteElo "2113"]
[BlackElo "2002"]
[PlyCount "48"]
[EventDate "2002.04.11"]

1.d4 Nf6 2.Nc3 e6 3.e4 Bb4 4.Bd3 Nc6 5.Nf3 d5 6.e5 Ne4 7.Bd2 Nxd2 8.Qxd2 
Bd7 9.a3 Be7 10.O-O O-O 11.Ne2 f6 12.exf6 Bxf6 13.c3 e5 14.dxe5 Nxe5 15.
Nxe5 Bxe5 16.f4 Bf6 17.Qc2 g6 18.f5 g5 19.Ng3 c5 20.Rae1 Qb6 21.Kh1 Rae8 
22.Rxe8 Rxe8 23.Nh5 Re5 24.Nxf6+ Qxf6 1/2-1/2

[Event "XXX Gold Cup"]
[Site "Merano - Meran ITA"]
[Date "2002.04.??"]
[Round "3"]
[White "Haase, Wolfgang"]
[Black "Kelchner, Hans"]
[Result "0-1"]
[WhiteElo "2059"]
[BlackElo "2167"]
[PlyCount "86"]
[EventDate "2002.04.11"]

1.e4 d5 2.exd5 Qxd5 3.Nc3 Qa5 4.d4 c6 5.Nf3 Nf6 6.Bc4 Bf5 7.Bd2 e6 8.Ne5 
Nbd7 9.Nd5 Qd8 10.Ne3 Be4 11.f3 Bg6 12.Nxg6 hxg6 13.Qe2 Nb6 14.c3 Bd6 15.
Nf1 Qc7 16.h3 Bg3+ 17.Kd1 Bd6 18.Kc2 O-O-O 19.Rd1 c5 20.dxc5 Bxc5 21.Bb3 
Nh5 22.Bg5 Rxd1 23.Kxd1 Be7 24.Bxe7 Qxe7 25.Qe3 Qd6+ 26.Kc1 Nf4 27.Rg1 Rd8
28.Nd2 Nd3+ 29.Kc2 Nxb2 30.Ne4 Qa3 31.Qc1 N2c4 32.Bxc4 Nxc4 33.Qxa3 Nxa3+ 
34.Kb3 Nb5 35.a4 Nd6 36.Ng5 Kd7 37.Re1 Ke7 38.f4 b6 39.g4 Rc8 40.Nf3 Nb7 
41.Rd1 Na5+ 42.Kc2 Nc6 43.Rd3 Nb4+ 0-1

[Event "XXX Gold Cup"]
[Site "Merano - Meran ITA"]
[Date "2002.04.??"]
[Round "3"]
[White "Heinatz, Gundula"]
[Black "Jacob, Konrad"]
[Result "1-0"]
[WhiteElo "2228"]
[BlackElo "2049"]
[PlyCount "87"]
[EventDate "2002.04.11"]

1.d4 f5 2.Nf3 Nf6 3.g3 e6 4.Bg2 c6 5.c4 d5 6.O-O Be7 7.b3 O-O 8.Ba3 Bd7 9.
Bxe7 Qxe7 10.Qc2 Be8 11.Nbd2 Nbd7 12.b4 Bg6 13.Qb3 Kh8 14.b5 Ne4 15.Rac1 
Bh5 16.cxd5 exd5 17.bxc6 bxc6 18.Rxc6 Nxd2 19.Nxd2 Qxe2 20.Nf3 Rab8 21.
Qxd5 Nb6 22.Qb3 Bf7 23.Qc2 Qa6 24.Ne5 Bg8 25.Nd7 Rfd8 26.Nxb8 Rxb8 27.Qxf5
Qxa2 28.Rc7 Nd5 29.Rxg7 Kxg7 30.Qe5+ Nf6 31.Qxb8 a5 32.Qe5 a4 33.d5 a3 34.
Ra1 Qb3 35.Qe7+ Bf7 36.Qxa3 Qc2 37.Qe3 Qb2 38.Re1 h6 39.Qe5 Qd2 40.h4 Kg8 
41.d6 Ng4 42.Qe2 Qd4 43.Rd1 Qxf2+ 44.Qxf2 1-0

[Event "XXX Gold Cup"]
[Site "Merano - Meran ITA"]
[Date "2002.04.??"]
[Round "3"]
[White "Joncic, Dragan"]
[Black "Schuetzhold, Frank"]
[Result "1-0"]
[WhiteElo "2087"]
[BlackElo "2037"]
[PlyCount "37"]
[EventDate "2002.04.11"]

1.e4 d6 2.d4 Nf6 3.Nc3 g6 4.Bc4 Bg7 5.Qe2 c6 6.Bb3 O-O 7.Bg5 e5 8.dxe5 
dxe5 9.Rd1 Qc7 10.Nf3 Bg4 11.O-O Nbd7 12.h3 Bxf3 13.Qxf3 h6 14.Be3 Nh7 15.
Qg4 Ndf6 16.Qxg6 Nd5 17.Nxd5 cxd5 18.Bxd5 Kh8 19.Qh5 1-0

[Event "XXX Gold Cup"]
[Site "Merano - Meran ITA"]
[Date "2002.04.??"]
[Round "3"]
[White "Wempe, Juergen"]
[Black "Krieger, Hermann"]
[Result "1-0"]
[WhiteElo "2167"]
[BlackElo "2214"]
[PlyCount "41"]
[EventDate "2002.04.11"]

1.d4 f5 2.e4 fxe4 3.Nc3 g6 4.Nxe4 Bg7 5.Bf4 Nf6 6.Bd3 O-O 7.Ng5 e6 8.h4 
Nc6 9.h5 Nxh5 10.Rxh5 Rxf4 11.N1h3 gxh5 12.Bxh7+ Kf8 13.Qxh5 Rf6 14.Bg6 b6
15.O-O-O Bb7 16.Nh7+ Kg8 17.N3g5 Rxg6 18.Qxg6 Qe7 19.Rh1 Rf8 20.Nf6+ Rxf6 
21.Rh8+ 1-0

[Event "XXX Gold Cup"]
[Site "Merano - Meran ITA"]
[Date "2002.04.??"]
[Round "4"]
[White "Aurlund, Kjell"]
[Black "Wulf, Adalbert"]
[Result "1-0"]
[WhiteElo "2013"]
[BlackElo "2041"]
[PlyCount "79"]
[EventDate "2002.04.11"]

1.e4 d5 2.exd5 Nf6 3.d4 Nxd5 4.Nf3 e6 5.Be2 Be7 6.c4 Nb6 7.Nc3 N8d7 8.O-O 
O-O 9.Qc2 Nf6 10.Rd1 c6 11.Bf4 Nbd7 12.h3 h6 13.a3 a5 14.Rac1 Nh5 15.Bh2 
Bg5 16.Nxg5 Qxg5 17.Ne4 Qg6 18.Bd3 f5 19.Nd6 Qg5 20.c5 Ndf6 21.Qd2 Qxd2 
22.Rxd2 Nd5 23.Re1 Nhf4 24.Bxf4 Nxf4 25.Bc4 Bd7 26.Nxb7 Rf6 27.Kh2 g5 28.
g3 Ng6 29.Rde2 f4 30.Bxe6+ Bxe6 31.Rxe6 fxg3+ 32.fxg3 Raf8 33.Rxf6 Rxf6 
34.Kg2 a4 35.Nd6 h5 36.Re8+ Kh7 37.Ne4 Rf5 38.Re6 h4 39.Rxc6 hxg3 40.Kxg3 
1-0

[Event "XXX Gold Cup"]
[Site "Merano - Meran ITA"]
[Date "2002.04.??"]
[Round "4"]
[White "Jacob, Konrad"]
[Black "Josting, Friedel"]
[Result "1-0"]
[WhiteElo "2049"]
[BlackElo "2002"]
[PlyCount "69"]
[EventDate "2002.04.11"]

1.e4 c5 2.Nf3 e6 3.d4 cxd4 4.c3 d3 5.Bxd3 Be7 6.O-O Nf6 7.e5 Nd5 8.c4 Nc7 
9.Qc2 h6 10.Nc3 Nc6 11.a3 d5 12.exd6 Bxd6 13.Be3 Ne5 14.Nxe5 Bxe5 15.f4 
Bd4 16.Qf2 Bxc3 17.Rad1 Bd7 18.bxc3 Qc8 19.Qg3 O-O 20.f5 exf5 21.Bxh6 Ne8 
22.Rde1 Qc6 23.Bg5 Nc7 24.Re7 f6 25.Bxf6 Qxf6 26.Rxd7 Ne6 27.Bxf5 g6 28.
Bd3 Nf4 29.Rxf4 Qb6+ 30.Rfd4 Rf6 31.Qh4 Rf7 32.Rxf7 Kxf7 33.Qh7+ Kf8 34.
Bxg6 Qe6 35.Rf4+ 1-0

[Event "XXX Gold Cup"]
[Site "Merano - Meran ITA"]
[Date "2002.04.??"]
[Round "4"]
[White "Kelchner, Hans"]
[Black "Wempe, Juergen"]
[Result "1/2-1/2"]
[WhiteElo "2167"]
[BlackElo "2167"]
[PlyCount "53"]
[EventDate "2002.04.11"]

1.Nf3 e6 2.b3 f5 3.Bb2 Nf6 4.g3 Be7 5.Bg2 O-O 6.O-O Qe8 7.d3 a5 8.a3 Na6 
9.c4 Nc5 10.Nc3 d6 11.e3 Bd8 12.d4 Nce4 13.Nd2 Nxd2 14.Qxd2 c6 15.e4 Qh5 
16.exf5 Qxf5 17.Rae1 Bd7 18.Bc1 Bb6 19.Ne4 Nxe4 20.Bxe4 Qf6 21.Rd1 Rae8 
22.Qd3 g6 23.Be3 d5 24.Bg2 Bc7 25.f4 Qf5 26.Bf3 b5 27.c5 1/2-1/2

[Event "XXX Gold Cup"]
[Site "Merano - Meran ITA"]
[Date "2002.04.??"]
[Round "4"]
[White "Krieger, Hermann"]
[Black "Gruener, Reinhard"]
[Result "1-0"]
[WhiteElo "2214"]
[BlackElo "2113"]
[PlyCount "81"]
[EventDate "2002.04.11"]

1.e4 c5 2.Nf3 d6 3.d4 cxd4 4.Nxd4 Nf6 5.Nc3 a6 6.f4 Nbd7 7.a4 g6 8.Be2 Bg7
9.O-O O-O 10.Kh1 Qc7 11.Be3 b6 12.Bf3 Bb7 13.Nde2 Rac8 14.Ng3 Qb8 15.Qe2 
Qa8 16.Rad1 Rb8 17.Bd4 Nc5 18.f5 Bc6 19.b4 Ncd7 20.b5 Bb7 21.h4 Rbc8 22.
Qd2 Nc5 23.Rde1 Rcd8 24.h5 axb5 25.axb5 Qb8 26.hxg6 fxg6 27.fxg6 d5 28.e5 
Nfe4 29.gxh7+ Kxh7 30.Bxe4+ Nxe4 31.Ncxe4 Rxf1+ 32.Rxf1 dxe4 33.Rf5 e6 34.
Rh5+ Kg8 35.Qe3 Qc7 36.c3 Qc4 37.Rg5 Rd7 38.Nh5 Qxb5 39.Qg3 Qf1+ 40.Kh2 
Qf8 41.Nf6+ 1-0